00581nam a2200193Ia 4500008004100000020001800041082000800059100003000067245003700097250000600134260003300140300001700173500002400190650001600214700004300230942000700273952009000280999001700370230524s9999 xx 000 0 und d a9788126543939 bCAR aTony Chan Carusone942725 0aAnalog Integrated Circuit Design a1 aNew DelhibWilly Indiac2014 a"XXII,783p;" aQuantity Number: 1 aElectronics a" David Johns , Kenneth Martin"942726 cBK 00104070aTATCLbTATCLcGENd2023-05-24l0o CARp54074r2023-05-24w2023-05-24yBK c57710d57710